| 000 -LEADER |
| fixed length control field |
00878nam a2200241Ia 4500 |
| 001 - CONTROL NUMBER |
| control field |
8786 |
| 003 - CONTROL NUMBER IDENTIFIER |
| control field |
GE_BSU |
| 008 - FIXED-LENGTH DATA ELEMENTS--GENERAL INFORMATION |
| fixed length control field |
181216s||||||||xx |||||||||||||| ||und|| |
| 040 ## - CATALOGING SOURCE |
| Transcribing agency |
GE_BSU |
| 080 ## - UNIVERSAL DECIMAL CLASSIFICATION NUMBER |
| Universal Decimal Classification number |
821.353.1–32 |
| 100 ## - MAIN ENTRY--PERSONAL NAME |
| Personal name |
კლდიაშვილი,დავით |
| 245 ## - TITLE STATEMENT |
| Title |
თხზულებათა სრული კრებული. ორ ტომად. ტ.1 |
| 245 ## - TITLE STATEMENT |
| Remainder of title |
ტ.1 |
| 245 ## - TITLE STATEMENT |
| Statement of responsibility, etc. |
წინასიტყვ. ავტ. ს. ჭილაია |
| 260 ## - PUBLICATION, DISTRIBUTION, ETC. |
| Place of publication, distribution, etc. |
თბილისი |
| 260 ## - PUBLICATION, DISTRIBUTION, ETC. |
| Name of publisher, distributor, etc. |
საბჭ.მწერალი |
| 260 ## - PUBLICATION, DISTRIBUTION, ETC. |
| Date of publication, distribution, etc. |
1952 |
| 300 ## - PHYSICAL DESCRIPTION |
| Extent |
392გვ.23სმ. |
| 300 ## - PHYSICAL DESCRIPTION |
| Other physical details |
1 ფ. პორტრ. |
| 300 ## - PHYSICAL DESCRIPTION |
| Accompanying material |
გვ.367-375 დავით კლდიაშვილის ლექსიკონი |
| 653 ## - INDEX TERM--UNCONTROLLED |
| Uncontrolled term |
თხზულებათა სრული კრებული |
| 942 ## - ADDED ENTRY ELEMENTS (KOHA) |
| Koha item type |
წიგნი |